000 00885cam a22003017a 4500
003 CHAP
005 20220817043315.0
008 971013s1979 r 00010 d
010 _a71303
011 _a72275
035 _a81829
040 _cCHAP
082 _a539.7
_bD3
100 0 0 _aDavies, W.
_931232
245 1 4 _aThe forces of nature
260 _aLondon :
_bCambridge University Press,
_c1979
300 _a246 p.
_b: ilus. ; gráfs.
590 _aBATCH-UPD
_b10
_c20130110
_lUCH01
_h0825
590 _aBATCH-UPD
_b10
_c20130410
_lUCH01
_h0503
590 _aBATCH-UPD
_b10
_c20130914
_lUCH01
_h1306
590 _aCONVERSION
_b10
_c20130109
_lUCH01
_h1339
650 1 4 _aÁtomos.
650 1 4 _aEnergía atómica.
_936891
650 1 4 _aFísica nuclear.
_941999
901 _aBK
942 _cLIBRO
949 _a539.7 D3
_bBC
_cLIBRO
_d33724000399994
_eLIBRO
_h11647
_i81829
_si
_t310.00
999 _c71303
_d71303